000
00284nam a2200145Ia 4500
100
_a
Lasher/Cathy
942
_c
BK
366
_f
25
245
_a
Better thinking for better results
260
_b
Jaico
_c
2017
082
_b
LAS
300
_a
270
546
_a
ENGLISH
999
_c
33952
_d
33952